Can You guess my favorite colors - Statistics

General Stats
  • This quiz has been taken 55 times
  • The average score is 11 of 15
Answer Stats
Number Color % Correct
8 Blue
98%
1 Green
95%
4 Orange
95%
2 Yellow
95%
10 Black
93%
12 White
93%
3 Pink
90%
6 Purple
88%
5 Brown
83%
7 Grey
83%
13 Gold
45%
11 Teal
33%
9 Cyan
24%
15 Turquoise
19%
14 Salmon
14%
No matching quizzes found
Score Distribution
Percent of People with Each Score
Percentile by Number Answered
Your Score History
You have not taken this quiz